[Event "PRO League Group Stage"]
[Site "chess.com INT"]
[Date "2017.02.11"]
[Round "5"]
[White "Xiong, Jeffery"]
[Black "Bernotas, Arturs"]
[Result "1/2-1/2"]
[WhiteTitle "GM"]
[BlackTitle "FM"]
[WhiteElo "2667"]
[BlackElo "2332"]
[WhiteTeam "Dallas Destiny"]
[BlackTeam "Riga Magicians"]
[WhiteFideId "2047640"]
[BlackFideId "11601426"]
[EventDate "2017.01.11"]

1. Nf3 Nf6 2. c4 e6 3. Nc3 Bb4 4. Qc2 b6 5. a3 Bxc3 6. Qxc3 a5 7. b3 Bb7 8. Bb2
O-O 9. e3 d6 10. Be2 Nbd7 11. O-O e5 12. d4 Ne4 13. Qc2 Ng5 14. Qf5 Nxf3+ 15.
Bxf3 Bxf3 16. Qxf3 exd4 17. Bxd4 Qe7 18. Rfd1 Ne5 19. Qd5 Rfe8 20. Bc3 Qe6 21.
Rd4 f6 22. Rc1 Rac8 23. Be1 Ra8 24. Rd2 Qf7 25. h3 Nd7 26. b4 axb4 27. axb4 Ra7
28. Rdc2 Rea8 29. f3 h6 30. e4 Ra1 31. Kh2 Ne5 32. Bg3 Qxd5 33. cxd5 Rxc1 34.
Rxc1 Ra7 35. Bxe5 fxe5 36. Kg3 Kf7 37. Kg4 Kf6 38. h4 g6 39. h5 Ra2 40. Kg3 Ra7
41. Kg4 Ra2 42. Kh3 Ra7 43. hxg6 Kxg6 44. g3 Kg5 45. Rc3 Kh5 46. Kg2 Kg5 47. Kh3
Kh5 48. b5 Kg5 49. Rc2 Kh5 50. Rc1 Kg5 51. Rc3 Kh5 52. f4 exf4 53. gxf4 Ra4 54.
Rxc7 Rxe4 55. Rc6 Rxf4 56. Rxd6 Rf3+ 57. Kg2 Rd3 58. Kf2 Kg5 59. Ke2 Rd4 60. Ke3
Rd1 61. Ke2 Rd4 62. Ke3 Rd1 63. Ke4 Re1+ 64. Kd4 Rd1+ 65. Kc4 Rc1+ 66. Kd4 Rd1+
67. Kc4 Rc1+ 68. Kd3 Rd1+ 69. Kc2 Rd4 70. Kc3 Rd1 71. Rxb6 Rxd5 72. Kc4 Rd1 73.
Rb8 h5 74. b6 Rc1+ 75. Kd3 Rb1 76. b7 Kh4 77. Ke2 Kh3 78. Kf2 h4 79. Kf3 Kh2 80.
Rh8 Rxb7 81. Rxh4+ Kg1 82. Rg4+ Kf1 83. Re4 Rb3+ 84. Re3 Rxe3+ 85. Kxe3 1/2-1/2

[Event "PRO League Group Stage"]
[Site "chess.com INT"]
[Date "2017.02.11"]
[Round "5"]
[White "Stearman, Josiah P"]
[Black "Oberholzer, Francois"]
[Result "1/2-1/2"]
[WhiteTitle "FM"]
[BlackTitle "FM"]
[WhiteElo "2150"]
[BlackElo "2034"]
[WhiteTeam "San Francisco Mechanics"]
[BlackTeam "Johannesburg Koeksisters"]
[WhiteFideId "2062496"]
[BlackFideId "14302250"]
[EventDate "2017.01.11"]

1. e4 d6 2. d4 g6 3. Nc3 Bg7 4. f4 a6 5. Nf3 b5 6. Bd3 Bb7 7. O-O Nd7 8. e5 Nh6
9. Ne4 O-O 10. c3 c5 11. exd6 exd6 12. Nxd6 Bxf3 13. Qxf3 cxd4 14. cxd4 Qb6 15.
Ne4 Nf5 16. Kh1 Nxd4 17. Qh3 f5 18. Ng5 h6 19. Nf3 Nxf3 20. Qxf3 Nf6 21. Be3 Qe6
22. Rfe1 Rae8 23. Bc2 Kh7 24. Bb3 Qe4 25. Qg3 Qb7 26. Rad1 Ne4 27. Qf3 Bxb2 28.
Bd5 Qc7 29. Bg1 Bg7 30. Rc1 Qb8 31. Bc6 Rc8 32. g3 b4 33. Bxe4 fxe4 34. Qxe4
Rxc1 35. Rxc1 a5 36. Rc5 a4 37. Rc4 b3 38. axb3 a3 39. Bd4 Re8 40. Qd5 Re1+ 41.
Kg2 Rd1 42. Qd7 Qa8+ 43. Kh3 Rxd4 44. Rxd4 a2 45. Ra4 a1=Q 46. Rxa8 Qxa8 47. f5
Qa6 48. fxg6+ Qxg6 49. Qg4 Qxg4+ 50. Kxg4 Kg6 51. h4 1/2-1/2

[Event "PRO League Group Stage"]
[Site "chess.com INT"]
[Date "2017.02.11"]
[Round "5"]
[White "Tan, Justin2"]
[Black "Troff, Kayden W"]
[Result "1/2-1/2"]
[WhiteTitle "IM"]
[BlackTitle "GM"]
[WhiteElo "2451"]
[BlackElo "2511"]
[WhiteTeam "London Lions"]
[BlackTeam "Las Vegas Desert Rats"]
[WhiteFideId "3206882"]
[BlackFideId "2047896"]
[EventDate "2017.01.11"]

1. e4 c5 2. Nf3 d6 3. d4 cxd4 4. Nxd4 Nf6 5. Nc3 a6 6. h3 e5 7. Nde2 h5 8. g3
Be6 9. Bg2 Nbd7 10. a4 Be7 11. O-O Rc8 12. Be3 Nb6 13. b3 d5 14. Bxb6 Qxb6 15.
Nxd5 Nxd5 16. exd5 Bd7 17. c4 Qd6 18. f4 e4 19. f5 Qe5 20. Kh1 Bf6 21. Qc2 Bxf5
22. Rae1 Kf8 23. Qd2 g5 24. Qd4 Qxd4 25. Nxd4 Bxd4 26. Rxf5 e3 27. Rxg5 Rh6 28.
Bf3 Rb6 29. Bd1 Bc3 30. Rxe3 Bd2 31. Rxh5 Bxe3 32. Rh8+ Ke7 33. Rxc8 Rf6 34. Be2
Rf2 35. Bd3 Kd7 36. Rb8 Kc7 37. Re8 Bc5 38. Be2 Kd7 39. Re5 Bd6 40. Re3 Bc5 41.
Re4 Bd6 42. Re3 Bc5 43. Re4 Bd6 44. Kg1 Bc5 45. Kh1 1/2-1/2

[Event "PRO League Group Stage"]
[Site "chess.com INT"]
[Date "2017.02.11"]
[Round "5"]
[White "Tan, Justin2"]
[Black "Phillips, Ryan"]
[Result "1-0"]
[WhiteTitle "IM"]
[WhiteElo "2451"]
[BlackElo "1900"]
[WhiteTeam "London Lions"]
[BlackTeam "Las Vegas Desert Rats"]
[WhiteFideId "3206882"]
[BlackFideId "2082136"]
[EventDate "2017.01.11"]

1. e4 c5 2. Nf3 d6 3. d4 cxd4 4. Nxd4 Nf6 5. Nc3 a6 6. h3 e6 7. g4 Be7 8. g5
Nfd7 9. Be3 Bxg5 10. Nxe6 fxe6 11. Qh5+ g6 12. Qxg5 Ne5 13. Qg3 Qf6 14. f4 Nf7
15. O-O-O Nc6 16. Bg2 Bd7 17. Rhe1 O-O-O 18. Bb6 Rde8 19. Kb1 Rhf8 20. e5 dxe5
21. fxe5 Qe7 22. Ne4 Qb4 23. Bc5 Qb5 24. Bxf8 Rxf8 25. Rf1 Qe2 26. Rde1 Qh5 27.
Nd6+ Kc7 28. Rxf7 Rxf7 29. Nxf7 Qf5 30. Nd6 Qh5 31. Qb3 b6 32. Bxc6 1-0

[Event "PRO League Group Stage"]
[Site "chess.com INT"]
[Date "2017.02.11"]
[Round "5"]
[White "Admiraal, Miguoel"]
[Black "Quesada Perez, Yuniesky"]
[Result "1/2-1/2"]
[WhiteTitle "IM"]
[BlackTitle "GM"]
[WhiteElo "2441"]
[BlackElo "2630"]
[WhiteTeam "Amsterdam Mosquitos"]
[BlackTeam "Miami Champions"]
[WhiteFideId "1019716"]
[BlackFideId "3504409"]
[EventDate "2017.01.11"]

1. e4 e5 2. Nf3 Nc6 3. Bc4 Bc5 4. O-O Nf6 5. d3 d6 6. c3 a6 7. a4 h6 8. Re1 O-O
9. h3 Be6 10. Bxe6 fxe6 11. d4 exd4 12. cxd4 Bb4 13. Bd2 a5 14. Bxb4 Nxb4 15.
Nc3 Nh5 16. Na2 Nxa2 17. Rxa2 Nf4 18. Ra3 Rf7 19. Kh2 Qd7 20. g3 Ng6 21. Kg2
Raf8 22. Rf1 Ne7 23. Ne1 Qc6 24. f3 g5 25. Rc3 Qd7 26. Nc2 Ng6 27. Ne3 h5 28. d5
h4 29. dxe6 Qxe6 30. Qd5 Qxd5 31. Nxd5 hxg3 32. Kxg3 c6 33. Ne3 Nf4 34. Rc2 Rh7
35. Rh2 d5 36. exd5 Re7 37. Ng4 cxd5 38. h4 Ne2+ 39. Kg2 Nf4+ 40. Kg3 Ne2+ 41.
Kg2 Nf4+ 42. Kg3 1/2-1/2

[Event "PRO League Group Stage"]
[Site "chess.com INT"]
[Date "2017.02.11"]
[Round "5"]
[White "Arkell, Keith C"]
[Black "Cheng, Bindi"]
[Result "1/2-1/2"]
[WhiteTitle "GM"]
[BlackTitle "IM"]
[WhiteElo "2438"]
[BlackElo "2397"]
[WhiteTeam "London Towers"]
[BlackTeam "Toronto Dragons"]
[WhiteFideId "400270"]
[BlackFideId "2682249"]
[EventDate "2017.01.11"]

1. d4 Nf6 2. Nf3 g6 3. c4 Bg7 4. g3 O-O 5. Bg2 c6 6. O-O d5 7. Nbd2 b6 8. b3 Bb7
9. Bb2 Nbd7 10. Qc2 a5 11. e4 dxe4 12. Nxe4 a4 13. Nxf6+ Nxf6 14. Ne5 Qc7 15.
Rfe1 e6 16. b4 a3 17. Bc3 Rfd8 18. Rab1 Nd7 19. Nd3 Nf8 20. Ne5 Nd7 21. Nd3 Nf8
22. c5 Bxd4 23. Bxd4 Rxd4 24. Ne5 Rad8 25. Qc3 b5 26. Qxa3 f6 27. Nf3 Rd3 28.
Qb2 e5 29. a4 bxa4 30. Qa2+ Kg7 31. Qxa4 Ne6 32. h4 Ra8 33. Qc2 Raa3 34. Nd2 Nd4
35. Qb2 Bc8 36. Nc4 Rab3 37. Qa2 Rxb1 38. Rxb1 Be6 39. Qa6 Bxc4 40. Qxc4 Rd2 41.
Ra1 e4 42. Ra8 Kh6 43. Qg8 Qe7 44. Re8 Qg7 45. Qxg7+ Kxg7 46. Bxe4 f5 47. Bg2
Rd1+ 48. Kh2 Rd2 49. Kg1 Rd1+ 50. Bf1 Nf3+ 51. Kg2 Ne1+ 52. Kh3 Nc2 53. Bg2 Nxb4
54. Re7+ Kf6 55. Rxh7 Nd3 56. f3 Rc1 57. h5 gxh5 58. Rh6+ Kg7 59. Rxc6 Rxc5 60.
Rd6 Ne1 61. f4 Nxg2 62. Kxg2 Rc1 63. Rb6 Rd1 64. Re6 Rc1 65. Kf3 Rc3+ 66. Re3
Rc1 67. Kg2 Rb1 68. Re6 Rc1 69. Kf2 Rc2+ 70. Re2 Rc1 71. Rd2 Kg6 72. Ke3 Rg1 73.
Rd6+ Kg7 74. Kf2 Rb1 75. Ke2 Rb2+ 76. Ke3 Rb3+ 77. Rd3 Rb4 78. Rc3 Kg6 79. Rc6+
Kg7 80. Kd3 Ra4 81. Rc4 Ra3+ 82. Kd4 Rxg3 83. Ke5 h4 84. Kxf5 h3 85. Rc7+ Kg8
86. Rc2 Rg2 87. Rc3 h2 88. Rh3 Kg7 89. Rh4 Ra2 90. Kg4 Kg6 91. f5+ Kf6 92. Rh6+
Kf7 93. Kg5 Rg2+ 94. Kf4 Rf2+ 95. Kg4 Rg2+ 96. Kf3 Ra2 97. Kf4 Rf2+ 98. Kg4 Rg2+
99. Kf3 Ra2 1/2-1/2

[Event "PRO League Group Stage"]
[Site "chess.com INT"]
[Date "2017.02.11"]
[Round "5"]
[White "Ke, Ivan"]
[Black "Szabo, Bence"]
[Result "1/2-1/2"]
[BlackTitle "IM"]
[WhiteElo "2058"]
[BlackElo "2378"]
[WhiteTeam "San Jose Hackers"]
[BlackTeam "Budapest Gambit"]
[WhiteFideId "30914477"]
[BlackFideId "733776"]
[EventDate "2017.01.11"]

1. d4 Nf6 2. c4 e6 3. Nc3 Bb4 4. f3 c5 5. d5 b5 6. e4 O-O 7. Bd2 bxc4 8. Bxc4
Bb7 9. Nge2 exd5 10. Nxd5 Bxd5 11. Bxd5 Nxd5 12. exd5 Qa5 13. Bxb4 Qxb4+ 14. Qd2
Qh4+ 15. g3 Qf6 16. Kf2 d6 17. Nc3 Nd7 18. Ne4 Qg6 19. Rhe1 Rab8 20. b3 Rb4 21.
Rad1 Rd4 22. Qg5 Qxg5 23. Nxg5 Rxd1 24. Rxd1 Nf6 1/2-1/2

[Event "PRO League Group Stage"]
[Site "chess.com INT"]
[Date "2017.02.11"]
[Round "5"]
[White "Ke, Ivan"]
[Black "Mihok, Oliver"]
[Result "1/2-1/2"]
[BlackTitle "GM"]
[WhiteElo "2058"]
[BlackElo "2505"]
[WhiteTeam "San Jose Hackers"]
[BlackTeam "Budapest Gambit"]
[WhiteFideId "30914477"]
[BlackFideId "728012"]
[EventDate "2017.01.11"]

1. d4 Nf6 2. c4 c5 3. d5 b5 4. cxb5 a6 5. e3 axb5 6. Bxb5 Qa5+ 7. Nc3 Bb7 8. Bd2
Qb6 9. Bc4 e6 10. Qb3 Qxb3 11. Bxb3 exd5 12. Nge2 Na6 13. O-O Nc7 14. Rfd1 Bd6
15. Be1 Ke7 16. f3 h6 17. Bh4 g5 18. Bf2 Rhb8 19. Ng3 Be5 20. Nf5+ Kf8 21. Nxh6
c4 22. Bc2 Bc6 23. Rab1 Nb5 24. Bg3 Bxg3 25. hxg3 Nxc3 26. bxc3 Re8 27. Nf5 Rxa2
28. Rdc1 Ra3 29. Bd1 Ra2 30. Ra1 Rea8 31. Rxa2 Rxa2 32. Rb1 Rd2 33. Kf1 Ne8 34.
Ke1 Rxg2 35. Rb8 Ra2 36. Nd6 Ra8 37. Rxa8 Bxa8 38. Nf5 Ng7 39. Nxg7 Kxg7 40. Kf2
Bc6 41. Bc2 Kf6 42. Ke2 Ke5 43. f4+ Kf6 44. Kd2 d6 45. Bd1 Kf5 46. Bf3 f6 47.
Ke2 g4 48. Bg2 Ke6 49. Kd2 f5 50. Bf1 Kd7 51. Be2 Kc7 52. Bd1 Kb6 53. Kc1 Ka5
54. Bc2 Bd7 55. Kb2 Be6 56. Ka3 Bd7 57. Bd1 1/2-1/2

[Event "PRO League Group Stage"]
[Site "chess.com INT"]
[Date "2017.02.11"]
[Round "5"]
[White "Hungaski, Robert Andrew"]
[Black "Balabaev, Timur"]
[Result "1/2-1/2"]
[WhiteTitle "GM"]
[BlackTitle "IM"]
[WhiteElo "2488"]
[BlackElo "2393"]
[WhiteTeam "Patagonia Penguins"]
[BlackTeam "Shymkent Nomads"]
[WhiteFideId "2021030"]
[BlackFideId "13700847"]
[EventDate "2017.01.11"]

1. Nf3 Nf6 2. c4 g6 3. Nc3 Bg7 4. e4 d6 5. d4 O-O 6. Be2 e5 7. d5 a5 8. Bg5 h6
9. Bh4 Na6 10. Nd2 Qe8 11. a3 Bd7 12. b3 Nh7 13. Rb1 h5 14. f3 Bh6 15. O-O Be3+
16. Bf2 Bxf2+ 17. Rxf2 Qe7 18. b4 axb4 19. axb4 h4 20. c5 dxc5 21. b5 Nb4 22.
Nc4 Ng5 23. b6 c6 24. d6 Qf6 25. Na4 Ne6 26. Nxc5 Nxc5 27. Rxb4 Rfd8 28. Bf1 Be6
29. Rd2 Qg5 30. Qe1 Bxc4 31. Rxc4 Nb3 32. Rd1 Nd4 33. Qf2 Qf4 34. Rd3 Rxd6 35.
g3 hxg3 36. hxg3 Qf6 37. Kg2 Rad8 38. Ra4 Kg7 39. Ra7 R6d7 40. Rd1 c5 41. Bc4
Qxb6 42. Ra2 Qf6 43. Rb2 Qc6 44. Qf1 b6 45. Rdb1 Rb8 46. g4 Qf6 47. Qf2 Rdd8 48.
Qg3 Qg5 49. Rxb6 Rxb6 50. Rxb6 Nc2 51. f4 Qxf4 52. Qxf4 exf4 53. Kf3 g5 54. Rb7
Rf8 55. e5 Nd4+ 56. Ke4 Kg6 57. Bd3 f3 58. Ke3+ Kh6 59. Rc7 Ne6 60. Re7 Kg7 1/2-1/2

[Event "PRO League Group Stage"]
[Site "chess.com INT"]
[Date "2017.02.11"]
[Round "5"]
[White "Ashwin, Jayaram"]
[Black "Borisek, Jure"]
[Result "1/2-1/2"]
[WhiteTitle "GM"]
[BlackTitle "GM"]
[WhiteElo "2490"]
[BlackElo "2565"]
[WhiteTeam "Webster Windmills"]
[BlackTeam "Ljubljana Direwolves"]
[WhiteFideId "5018137"]
[BlackFideId "14603152"]
[EventDate "2017.01.11"]

1. Nf3 Nf6 2. g3 c5 3. Bg2 Nc6 4. O-O d6 5. d4 cxd4 6. Nxd4 Bd7 7. c4 g6 8. Nc3
Bg7 9. Nc2 O-O 10. b3 a6 11. Bb2 Qa5 12. a3 Rfc8 13. Ne3 Rab8 14. Rb1 Qd8 15.
Qd2 b5 16. cxb5 axb5 17. Ncd5 Nxd5 18. Nxd5 Bxb2 19. Qxb2 b4 20. a4 Na5 21. Rbc1
Bc6 22. h4 Bxd5 23. Bxd5 e6 24. Bf3 h5 25. Rfd1 Rxc1 26. Rxc1 Rc8 27. e3 d5 28.
Rc2 Rxc2 29. Qxc2 Qf6 30. Bd1 Qa1 31. Kg2 d4 32. exd4 Qxd4 33. Kf1 Kg7 34. Ke2
e5 35. Qd3 Qc5 36. Qb5 Qxb5+ 37. axb5 Kf6 38. Kd3 Ke6 39. Bf3 Kd6 40. b6 f5 41.
Ba8 Kc5 42. f3 Kxb6 43. Bd5 Kc5 44. Bf7 Kd6 45. Bxg6 Nxb3 46. Kc4 Nd2+ 47. Kxb4
Nxf3 48. Bxf5 Nd4 49. Bg6 Ne2 50. Bxh5 Nxg3 51. Bg4 1/2-1/2

[Event "PRO League Group Stage"]
[Site "chess.com INT"]
[Date "2017.02.11"]
[Round "5"]
[White "Sambuev, Bator"]
[Black "Roberson, Peter T"]
[Result "1/2-1/2"]
[WhiteTitle "GM"]
[BlackTitle "IM"]
[WhiteElo "2539"]
[BlackElo "2401"]
[WhiteTeam "Toronto Dragons"]
[BlackTeam "London Towers"]
[WhiteFideId "4128290"]
[BlackFideId "412384"]
[EventDate "2017.01.11"]

1. Nf3 Nf6 2. d4 e6 3. e3 d5 4. Bd3 c5 5. b3 b6 6. O-O Bb7 7. Bb2 Be7 8. Nbd2
O-O 9. Ne5 Nbd7 10. Qf3 Nxe5 11. dxe5 Nd7 12. Qh3 g6 13. f4 Re8 14. f5 exf5 15.
Rxf5 Nf8 16. Rf2 Bc8 17. Qf3 Be6 18. Bb5 Nd7 19. Bc6 Rc8 20. Bb7 Rc7 21. Bxd5
Bh4 22. g3 Bxd5 23. Qxd5 Nxe5 24. Qxd8 Bxd8 25. Kg2 Ng4 26. Re2 Rxe3 27. Rae1
Rce7 28. Rxe3 Rxe3 29. Nf3 Rxe1 30. Nxe1 f5 31. h3 Bf6 32. hxg4 Bxb2 33. gxf5
gxf5 34. Nd3 Bd4 35. Kf3 Kf7 36. c4 Ke6 37. Nf4+ Ke5 38. Nd3+ Ke6 39. Nf4+ Kd6
40. Nd3 Bg7 41. a4 Ke6 42. Ke3 Bh6+ 43. Kf3 Bg5 44. Kf2 h5 45. Kf3 h4 46. gxh4
Bxh4 47. Nf4+ Kd6 48. Nd3 Bf6 49. Kf4 Ke6 50. a5 Bg7 51. a6 Bh6+ 52. Kf3 Kd6 53.
Kg3 Kc6 54. Ne5+ Kc7 55. Nd3 Be3 56. Kf3 Bd2 57. Ne5 f4 58. Nd3 b5 59. Nxc5 bxc4
60. bxc4 Kb6 61. Ne6 Kxa6 62. Nxf4 Bxf4 63. Kxf4 Kb6 64. Ke4 Kc5 65. Kd3 a5 66.
Kc3 a4 67. Kd3 a3 68. Kc3 a2 69. Kb2 a1=Q+ 70. Kxa1 Kxc4 1/2-1/2

[Event "PRO League Group Stage"]
[Site "chess.com INT"]
[Date "2017.02.11"]
[Round "5"]
[White "Abhishek, Kelkar"]
[Black "Hess, Robert L"]
[Result "1/2-1/2"]
[WhiteTitle "IM"]
[BlackTitle "GM"]
[WhiteElo "2381"]
[BlackElo "2571"]
[WhiteTeam "Mumbai Movers"]
[BlackTeam "Montclair Sopranos"]
[WhiteFideId "5019257"]
[BlackFideId "2022036"]
[EventDate "2017.01.11"]

1. d4 Nf6 2. Nf3 e6 3. c4 d5 4. Nc3 Be7 5. Bf4 O-O 6. Rc1 c6 7. e3 Nbd7 8. h3 b6
9. cxd5 cxd5 10. Bd3 a6 11. O-O Bb7 12. Qe2 b5 13. a4 b4 14. Nb1 Qa5 15. Bc7
Qxa4 16. b3 Qxb3 17. Bc2 Qc4 18. Bd3 Qb3 19. Nbd2 Qa3 20. Ra1 Qc3 21. Rfc1 Rfc8
22. Rxc3 bxc3 23. Ba5 cxd2 24. Qxd2 Ne4 25. Qd1 Bc6 26. Qe2 Bb5 27. Bxb5 axb5
28. Qxb5 Ra7 29. Rb1 Nd6 30. Qb4 Bf8 31. Qe1 Nc4 32. Bb4 h6 33. Bxf8 Nxf8 34.
Rc1 Nd7 35. Ra1 Rac7 36. Nd2 Nxd2 37. Qxd2 Nf6 38. Ra2 Ne4 39. Qd3 Rc3 40. Qa6
R3c6 41. Qd3 Rc3 42. Qa6 Kh7 43. Kh2 Kg6 44. Qe2 Kh7 45. f3 Nf6 46. e4 dxe4 47.
fxe4 R8c7 48. e5 Nd5 49. Qe4+ g6 50. Ra8 Re3 51. Qh4 g5 52. Qh5 Nf4 53. Qd1 Kg7
54. Ra2 Rec3 55. Qg4 R3c4 56. h4 Ng6 57. hxg5 hxg5 58. Qxg5 Rxd4 59. Qf6+ Kh7
60. Ra3 Rh4+ 61. Rh3 Rxh3+ 62. Kxh3 Rd7 63. g3 Kg8 64. Qg5 Rd5 65. Qc1 Rxe5 66.
Qc8+ Kg7 67. Qc3 Kf6 68. Qf3+ Rf5 69. Qc3+ Ne5 70. Qc8 Kg7 71. Qc3 f6 72. Qc7+
Nf7 73. Qe7 Rd5 74. Qb7 Rg5 75. Qe7 e5 76. Qe6 Rg6 77. Qe7 Rg5 78. Qe6 Kg6 79.
Qe8 Rh5+ 80. Kg2 Rh7 81. Qc8 Ng5 82. Qc2+ Kh6 83. Qf5 Rf7 84. Qc8 Kg6 85. Qg8+
Kf5 86. Qc8+ Kg6 87. Qg8+ Rg7 88. Qe8+ Nf7 89. Qe6 Rg8 90. Qg4+ Ng5 91. Qd7 e4
92. Qe7 Rg7 93. Qe8+ Kf5 94. Qc8+ Ne6 95. Qc6 Ng5 96. Qb5+ Kg6 97. Qe8+ Rf7 98.
Qg8+ Kf5 99. Qc8+ Ke5 100. Qc5+ Ke6 101. Qc6+ Kf5 102. Qc8+ Kg6 103. Qg8+ Rg7
104. Qe8+ Kh6 105. Qh8+ Kg6 106. Qe8+ Rf7 107. Qg8+ 1/2-1/2

[Event "PRO League Group Stage"]
[Site "chess.com INT"]
[Date "2017.02.11"]
[Round "5"]
[White "Flores Rios, Mauricio"]
[Black "Miladinovic, Igor"]
[Result "1/2-1/2"]
[WhiteTitle "GM"]
[BlackTitle "GM"]
[WhiteElo "2529"]
[BlackElo "2538"]
[WhiteTeam "Minnesota Blizzard"]
[BlackTeam "Odisha Express"]
[WhiteFideId "3408027"]
[BlackFideId "4203380"]
[EventDate "2017.01.11"]

1. d4 d5 2. c4 Nc6 3. Nc3 Nf6 4. Nf3 dxc4 5. Bg5 Nd5 6. e4 Nxc3 7. bxc3 Na5 8.
Be2 c6 9. O-O g6 10. h4 Bg7 11. h5 h6 12. Be3 g5 13. g3 O-O 14. Nd2 e5 15. Nxc4
Nxc4 16. Bxc4 b5 17. Be2 f5 18. exf5 Bxf5 19. Qb3+ Kh8 20. Rad1 exd4 21. Bxd4
Bxd4 22. Rxd4 Qf6 23. Qb4 Rae8 24. Rd6 Re6 25. Rfd1 Rf7 26. Rxe6 Bxe6 27. Qd4
Bxa2 28. Qxf6+ Rxf6 29. Ra1 Bd5 30. Rxa7 Re6 31. Kf1 Re4 32. Rd7 Bc4 33. Bxc4
Rxc4 34. Rd3 g4 35. Ke2 Rc5 36. Rd6 Kh7 37. Kd3 Rxh5 38. Rxc6 Rf5 39. Ke2 h5 40.
c4 bxc4 41. Rxc4 Kg6 1/2-1/2

[Event "PRO League Group Stage"]
[Site "chess.com INT"]
[Date "2017.02.11"]
[Round "5"]
[White "Mukumbya, Benjamin"]
[Black "O'Cinneide, Mel"]
[Result "0-1"]
[WhiteElo "1901"]
[BlackElo "2227"]
[WhiteTeam "Seattle Sluggers"]
[BlackTeam "Dublin Desperados"]
[WhiteFideId "10001115"]
[BlackFideId "2500620"]
[EventDate "2017.01.11"]

1. Nf3 d5 2. d4 Nf6 3. Bg5 e6 4. Nbd2 Be7 5. c3 b6 6. g3 Bb7 7. Bg2 O-O 8. O-O
c5 9. Re1 Nc6 10. Ne5 Qc7 11. Ndf3 h6 12. Bf4 Bd6 13. Nxc6 Bxc6 14. Bxd6 Qxd6
15. Rc1 Rfd8 16. Ne5 Rac8 17. e3 Ba8 18. Qf3 Qe7 19. Qe2 Nd7 20. f4 Rf8 21. Rf1
Bb7 22. h4 Rce8 23. Qg4 Nxe5 24. fxe5 Ba6 25. Rf4 f6 26. exf6 Rxf6 27. Rc2 Bd3
28. Rxf6 Qxf6 29. Rf2 Qe7 30. Qf4 Bb1 31. a3 Rf8 32. Qe5 Rxf2 33. Kxf2 Qf7+ 34.
Kg1 Qg6 35. Bh3 Bf5 36. Bxf5 Qxf5 37. Qxf5 exf5 38. Kf2 a5 39. h5 Kf7 40. Kf3
Kf6 41. Kf4 a4 42. c4 dxc4 43. d5 b5 44. d6 b4 45. d7 Ke7 0-1

[Event "PRO League Group Stage"]
[Site "chess.com INT"]
[Date "2017.02.11"]
[Round "5"]
[White "Hua, David A"]
[Black "Reshef, Omer"]
[Result "1/2-1/2"]
[BlackTitle "IM"]
[WhiteElo "2285"]
[BlackElo "2461"]
[WhiteTeam "Pittsburgh Pawngrabbers"]
[BlackTeam "Lagos Leatherbacks"]
[WhiteFideId "2030047"]
[BlackFideId "2804336"]
[EventDate "2017.01.11"]

1. d4 d5 2. c4 c6 3. Nf3 Nf6 4. Nc3 dxc4 5. a4 Bf5 6. Ne5 Nbd7 7. Nxc4 Qc7 8. g3
e5 9. dxe5 Nxe5 10. Bf4 Nfd7 11. Bg2 f6 12. O-O O-O-O 13. Qc1 Nc5 14. Bxe5 fxe5
15. Qe3 Nb3 16. Rad1 Bc5 17. Qxe5 Qxe5 18. Nxe5 Rhe8 19. Nd3 Bxd3 20. Rxd3 Rxd3
21. exd3 Bd4 22. Be4 h6 23. Re1 Kc7 24. Kf1 a5 25. f3 Kd6 26. Ke2 Kc5 27. Kd1
Bf6 28. Kc2 Nd4+ 29. Kd2 Rb8 30. f4 Kb4 31. Rh1 Kb3 32. h4 Kxb2 33. Rb1+ Ka3 34.
Rb6 Nb3+ 35. Kc2 Na1+ 36. Kd2 Bd4 37. Nb1+ Ka2 38. Nc3+ Ka3 39. Nb1+ Ka2 40.
Nc3+ Ka3 41. Nb1+ 1/2-1/2

[Event "PRO League Group Stage"]
[Site "chess.com INT"]
[Date "2017.02.11"]
[Round "5"]
[White "Cunningham, Robin"]
[Black "Chakravarthy, Y V K"]
[Result "1/2-1/2"]
[WhiteTitle "FM"]
[WhiteElo "2263"]
[BlackElo "2047"]
[WhiteTeam "Carolina Cobras"]
[BlackTeam "Amaravati Yodhas"]
[WhiteFideId "2005093"]
[BlackFideId "5029546"]
[EventDate "2017.01.11"]

1. c4 c6 2. e4 g6 3. Nc3 Bg7 4. Nf3 e5 5. d4 d6 6. Be2 Bg4 7. dxe5 Bxf3 8. Bxf3
dxe5 9. Qxd8+ Kxd8 10. Be3 Nf6 11. O-O-O+ Nbd7 12. h3 Ke7 13. Bg4 Rhd8 14. Bxd7
Nxd7 15. Kc2 b6 16. Rd2 Nf8 17. Rhd1 Ne6 18. Rxd8 Rxd8 19. Rxd8 Kxd8 20. Ne2 Ke7
21. Kd3 f5 22. f3 f4 23. Bf2 g5 24. b4 Bf8 25. a4 Kd7 26. Kc3 c5 27. b5 Bg7 28.
Kd3 h5 29. Nc3 Nc7 30. Nd5 Ne6 31. Be1 h4 32. a5 bxa5 33. Bxa5 Bf8 34. Bc3 Bd6
35. Nf6+ Ke7 36. Ng4 Nd4 37. Nh6 Kf6 38. Ba5 Ne6 39. Nf5 Bf8 40. Bc3 Nd4 41.
Nxd4 exd4 42. Ba5 Be7 43. Bc7 Ke6 44. Bb8 Kd7 45. Be5 Ke6 46. Bc7 Kd7 47. Ba5
Kc8 48. Kc2 Bd8 49. Bxd8 Kxd8 50. Kd3 1/2-1/2

[Event "PRO League Group Stage"]
[Site "chess.com INT"]
[Date "2017.02.11"]
[Round "5"]
[White "Cunningham, Robin"]
[Black "Sai, Krishna G V"]
[Result "1/2-1/2"]
[WhiteTitle "FM"]
[BlackTitle "FM"]
[WhiteElo "2263"]
[BlackElo "2339"]
[WhiteTeam "Carolina Cobras"]
[BlackTeam "Amaravati Yodhas"]
[WhiteFideId "2005093"]
[BlackFideId "5028280"]
[EventDate "2017.01.11"]

1. e4 e5 2. Nf3 Nc6 3. Nc3 Nf6 4. Bb5 Bb4 5. O-O O-O 6. d3 d6 7. Ne2 Bg4 8. c3
Bxf3 9. gxf3 Ba5 10. f4 Nh5 11. Bxc6 bxc6 12. fxe5 dxe5 13. f4 f5 14. Ng3 Bb6+
15. Kg2 Nxg3 16. hxg3 Qe7 17. fxe5 Qxe5 18. Bf4 Qe6 19. Qb3 Qxb3 20. axb3 Rad8
21. Rad1 fxe4 22. dxe4 Rxd1 23. Rxd1 g5 24. Bxg5 Rf2+ 25. Kh3 Rxb2 26. b4 Rc2
27. Rd8+ Kf7 28. Rd7+ Kg6 29. Bf4 Rxc3 30. Bxc7 Rc4 31. Bxb6 axb6 32. b5 cxb5
33. Rd6+ Kg5 34. Rxb6 b4 35. Rb5+ Kf6 36. e5+ Kf5 37. g4+ Kg5 38. e6+ Kf6 39.
Rb6 Re4 40. Kh4 Kg6 41. e7+ Kf7 42. Rb7 Rxe7 43. Rxb4 Re6 44. Kg5 Rg6+ 45. Kf4
Rf6+ 46. Kg5 Rg6+ 47. Kf5 Rf6+ 48. Kg5 Rg6+ 49. Kf5 Rf6+ 50. Kg5 1/2-1/2

[Event "PRO League Group Stage"]
[Site "chess.com INT"]
[Date "2017.02.11"]
[Round "5"]
[White "Mihok, Oliver"]
[Black "Chirila, Ioan-Cristian"]
[Result "1/2-1/2"]
[WhiteTitle "GM"]
[BlackTitle "GM"]
[WhiteElo "2505"]
[BlackElo "2533"]
[WhiteTeam "Budapest Gambit"]
[BlackTeam "San Jose Hackers"]
[WhiteFideId "728012"]
[BlackFideId "1211668"]
[EventDate "2017.01.11"]

1. e4 e5 2. Nf3 Nc6 3. Bb5 a6 4. Ba4 Nf6 5. d4 exd4 6. O-O Be7 7. e5 Ne4 8. Nxd4
Nxd4 9. Qxd4 Nc5 10. Nc3 O-O 11. Nd5 d6 12. Nxe7+ Qxe7 13. exd6 Qxd6 14. Qxd6
cxd6 15. Bb3 Nxb3 16. axb3 Bf5 17. c3 Rfe8 18. Be3 Be4 19. b4 Re6 20. Ra5 Rae8
21. Rd1 Rg6 22. g3 Bc6 23. Rd4 Rge6 24. Kf1 f6 25. Ke2 Kf7 26. Kd2 g5 27. h4 h6
28. c4 Re4 29. Rxe4 Rxe4 30. hxg5 fxg5 31. b3 Kg6 32. f4 gxf4 33. Bxf4 d5 34.
cxd5 Rd4+ 35. Kc3 Rxd5 36. Rxd5 Bxd5 1/2-1/2